00651 2200241 4500001002100000005001700021008004100038020001800079035002400097082001200121090001900133100002100152245007500173250001500248260003400263300002500297500001100322650002700333850001500360980001300375985000600388999001500394YOGYA-0209000003291120090227024728.0 ind  a979-533-297-x 0010-020900000032911 a005.369 a005.369bWir D aWIRAJAYA, Daniel aDasar-dasar pemrograman berorientasi obyek dengan C++cDaniel Wirajaya aEd.1,cet.1 aYogyakartabAndi Offsetc1995 aviii, 176 hlmc23 cm aIndeks aC++ (Program komputer) aYOPDYOG(B) a05-05-07 a1 a99P0000302